000 00211 a2200097 4500
001 45537
100 _aFrackenpohl
245 _aHarmonization at the piano
260 _a
_bW M C Brown
_c
090 _c28703
_d28703
942 _aNUST-CAE
_cM
_c20784
999 _c280610
_d280610